The Age of Reason (Запис № 580685)

МАРК-запис
000 -Лідер
fixed length control field 00707 a2200217 4500
003 - Ідентифікатор контрольного номера
control field UA-OsUOA
005 - Дата та час останнього входження (трансакції)
control field 20260511102310.0
008 - Елементи даних фіксованої довжини – загальна інформація
fixed length control field 260511b un ||||| |||| 00| 0 ukr d
040 ## - Джерело каталогізації
Агенція оригінальної каталогізації UA-OsUOA
Мова каталогізації eng
Агенція, яка здійснювала перезапис UA-OsUOA
Агенція, яка здійснювала модифікацію UA-OsUOA
041 ## - Код мови
Код мови тексту/ звукової доріжки чи окремого заголовка (П) eng
080 ## - Індекс Універсальної десяткової класифікації
Індекс Універсальної десяткової класифікації (УДК) (НП) 1
090 ## - Локальний шифр розміщення
Класифікаційний індекс УДК 1
Авторський знак (НП) A25
245 ## - Відомості про назву
Назва (НП) The Age of Reason
Решта назви (НП) The 17th Century Philosophers
Дані про відповідальність (НП) edited by Stuart Hampshire
260 ## - Публікація, розповсюдження і т.п. (Вихідні дані)
Ім’я/ наймення видавництва, розповсюджувача і т.п. (П) The New American Library
Дата публікації, розповсюдження і т.п. (П) 1956
Місце публікації, розповсюдження і т.п. (П) New York
300 ## - Фізичний опис
Обсяг 186 p.
490 ## - Область серії
Назва серії The Mentor Philosophers
650 ## - Додаткове предметне введення – тематичний термін
Джерело заголовка чи терміна UDC
Тематичний термін чи географічна назва, як елемент введення (НП) 1 Філософія. Психологія
9 (RLIN) 1871
942 ## - Додаткові елементи входу (Коха)
Тип елемента Koha Книги
Source of classification or shelving scheme Universal Decimal Classification
955 ## - Код типу видання за змістом
Код типу видання за змістом (НП) Науково-популярні видання
Фонди
Стан вилучень Стан втрат Джерело класифікації або схеми стелажів Стан уражень Не для кредиту Постійне місце розташування Поточне розміщення Дата придбання Джерело придбання Вартість, звичайна ціна покупки Інвентарний номер Усього замовленно Повний номер виклику Штрих-код Дата останнього перегляду Вартість, ціна заміни Ціна ефективна від Тип елемента Koha Примітка, призначена для загального доступу
    Universal Decimal Classification     Наукова бібліотека ІДУД Наукова бібліотека ІДУД 11/05/2026 №15/06.05.2026 (ІДУД) 1.00 300900   1 A25 300900 11/05/2026 1.00 11/05/2026 Книги Книгу отримано в дар від Романа Єринюка